Perfiles de orientaciones de metas y autoconcepto de estudiantes de Educación Secundaria (Record no. 181663)
[ view plain ]
| 000 -CABECERA | |
|---|---|
| campo de control de longitud fija | 02111cab a2200313 ab4500 |
| 005 - FECHA Y HORA DE LA ÚLTIMA TRANSACCIÓN | |
| campo de control | 20240517114053.0 |
| 008 - ELEMENTOS DE LONGITUD FIJA--INFORMACIÓN GENERAL | |
| campo de control de longitud fija | 991125c2015 sp fr p o 000 0 spa d |
| 035 ## - NÚMERO DE CONTROL DEL SISTEMA | |
| Número de control de sistema | UPN01000209562 |
| 040 ## - FUENTE DE LA CATALOGACIÓN | |
| Centro catalogador/agencia de origen | MX-MxUPN |
| Lengua de catalogación | spa |
| Centro/agencia transcriptor | MX-MxUPN |
| Normas de descripción | aacr2 |
| 049 ## - COLECCIÓN | |
| Colección | ART-E |
| 100 1# - ASIENTO PRINCIPAL--NOMBRE PERSONAL | |
| Nombre de persona | Inglés Saura, Cándido José |
| 100 1# - ASIENTO PRINCIPAL--NOMBRE PERSONAL | |
| Filiación | cjingles@umh.es. |
| 100 1# - ASIENTO PRINCIPAL--NOMBRE PERSONAL | |
| Nombre de persona | Martínez Monteagudo, María C |
| 100 1# - ASIENTO PRINCIPAL--NOMBRE PERSONAL | |
| Nombre de persona | García Fernández, José Manuel |
| 100 1# - ASIENTO PRINCIPAL--NOMBRE PERSONAL | |
| Nombre de persona | Valle Arias, Antonio |
| 100 1# - ASIENTO PRINCIPAL--NOMBRE PERSONAL | |
| Nombre de persona | Castejón, Juan Luis |
| 245 10 - MENCIÓN DE TÍTULO | |
| Título | Perfiles de orientaciones de metas y autoconcepto de estudiantes de Educación Secundaria |
| Medio | [recurso electrónico en línea] |
| 506 ## - NOTA DE RESTRICCIONES AL ACCESO | |
| Limitaciones de acceso | Acceso abierto |
| 520 3# - NOTA DE RESUMEN, ETC. | |
| Sumario, etc. | El objetivo de este estudio es identificar si existen combinaciones de múltiples metas que dan lugar a diferentes perfiles motivacionales, así como comprobar si existen diferencias significativas entre los grupos obtenidos respecto a las dimensiones del autoconcepto. El Achievement Goal Tendencies Questionnaire (AGTQ) y el Self-Description Questionnaire-II (SDQ-II) fueron administrados a una muestra de 2022 estudiantes de Educación Secundaria Obligatoria de 12 a 16 años (M = 13.81; DT = 1.35). El análisis de conglomerados ha identificado cuatro perfiles motivacionales: un grupo de alumnos con un perfil de alta motivación generalizada, un grupo de estudiantes con un perfil de baja motivación generalizada, un grupo de alumnos con un predominio de metas de aprendizaje y metas de logro y un último grupo de estudiantes con predominio de metas logro y metas de refuerzo social. Los resultados revelaron diferencias estadísticamente significativas entre los perfiles obtenidos con respecto a las dimensiones del autoconcepto. |
| 650 #2 - ASIENTO SECUNDARIO DE MATERIA - TERMINO TEMATICO | |
| 9 (RLIN) | 3822 |
| Término de materia o nombre geográfico como elemento de entrada | Autopercepción |
| 650 #0 - ASIENTO SECUNDARIO DE MATERIA - TERMINO TEMATICO | |
| 9 (RLIN) | 1014 |
| Término de materia o nombre geográfico como elemento de entrada | Adolescentes |
| 653 0# - TERMINO DE INDIZACION - NO CONTROLADO | |
| Término no controlado | Metas académicas |
| 653 0# - TERMINO DE INDIZACION - NO CONTROLADO | |
| Término no controlado | Motivación |
| 773 ## - ENLACE AL DOCUMENTO FUENTE/ENTRADA DE REGISTRO ANFITRIÓN | |
| Parte(s) relacionada(s) | Vol. 20, no. 1 (2015), p. 99-116 |
| Título | Revista de psicodidáctica |
| Número Internacional Normalizado para Publicaciones Seriadas | 2254-4372 |
| 856 4# - LOCALIZACIÓN Y ACCESO ELECTRÓNICOS | |
| Identificador Uniforme del Recurso | <a href="http://www.ehu.eus/ojs/index.php/psicodidactica/article/view/10023/10394">http://www.ehu.eus/ojs/index.php/psicodidactica/article/view/10023/10394</a> |
| 902 ## - ELEMENTOS DE DATOS B LOCAL, LDB (RLIN) | |
| Creó | Leonor Sotres/200223 |
| 905 ## - TIPO DE MATERIAL | |
| Tipo de material | Articulo |
| 942 ## - ELEMENTOS DE PUNTO DE ACCESO ADICIONAL (KOHA) | |
| Tipo de ítem Koha | Artículo Electrónico |
| Estado de retiro | Estado de pérdida | Estado dañado | No para préstamo | Código de colección | Localización permanente | Ubicación/localización actual | Ubicación en estantería | Fecha de adquisición | Fecha visto por última vez | Identificador Uniforme del Recurso | Tipo de ítem Koha |
|---|---|---|---|---|---|---|---|---|---|---|---|
| Acceso abierto | Bib. Gregorio Torres Quintero | Bib. Gregorio Torres Quintero | En línea | 20/02/2023 | 20/02/2023 | http://www.ehu.eus/ojs/index.php/psicodidactica/article/view/10023/10394 | Artículo Electrónico |
